| 000 | 02004cam a22004574i 4500 | ||
|---|---|---|---|
| 003 | PE-LiUPU | ||
| 005 | 20250731172936.0 | ||
| 008 | 150623s r 000 0 d | ||
| 020 | _a0802804535 | ||
| 035 | _a(Sirsi) i9780802804532 | ||
| 040 |
_aPE-LiUPU _bspa _cPE-LiUPU _erda |
||
| 049 | _aPRUA | ||
| 082 | 0 | 4 |
_a226.5077 _bR55 _221 |
| 100 | 1 |
_aRidderbos, Herman N., _eautor. |
|
| 245 | 1 | 4 |
_aThe Gospel according to John : _ba theological commentary / _cHerman N. Ridderbos. |
| 264 | 1 |
_aMichigan : _bWilliam B. Eerdmans Publishing Company, _c1997. |
|
| 300 |
_a721 páginas ; _c24 centímetros |
||
| 336 |
_atext _2rdacontent |
||
| 337 |
_aunmediated _2rdamedia |
||
| 338 |
_avolume _2rdacarrier |
||
| 504 | _aBibliografía al pié de páginas. | ||
| 505 | 0 | _aThe peculiar character of the fourth gospel. -The prologue. -Preparation for Jesus' public ministry. -From cana to cana: the revelation of Jesus' Glory. -Jesus' self-revelation as son of God and bread of life, resistance from "the jews". -Who is Jesus?. -Prelude to the passion narrative. -the last supper conversations with the disciples. -The farewell discourses. -Jesus'suffering and death. -The empty tomb and the appearences of the risen one. -Jesus' appearence at the sea of Tiberias and the conclusion of the gospel. -Indexes. | |
| 526 | _aSEG42 | ||
| 526 | _aSEG41 | ||
| 526 | _aSEG40 | ||
| 526 | _aSEG39 | ||
| 526 | _aP94 | ||
| 526 | _aP87 | ||
| 526 | _aP86 | ||
| 526 | _aP85 | ||
| 526 | _aP77 | ||
| 526 | _aP76 | ||
| 526 | _aP35 | ||
| 630 |
_aBiblia. _pN.T. _pJuan _xComentarios. |
||
| 942 |
_2ddc _cBOOK |
||
| 949 |
_a226.5077 R55 _wDEWEY _c1 _i44383 _lCCODEBUL1 _mBUL _r0 _sY _tBOOK _u2015-6-24 _xTEOLOGIA _PP35 _0COMPRA _o.STAFF. Colección General |
||
| 994 |
_aC0 _bPEPRU |
||
| 596 | _a1 | ||
| 999 |
_a226.5077 R55 _wDEWEY _c21263 _i44383 _d21263 _f2021-11-9 _g5 _lCCODEBUL1 _mBUL _q4 _r0 _sY _tBOOK _u2015-6-24 _xTEOLOGIA _PP35 _0COMPRA _o.STAFF. Colección General |
||
| 980 |
_81 _gALBERTO SANCHEZ Responsable de Automatización |
||